|
|
|
|
| LEADER |
00000nam0a2200000 4500 |
| 001 |
289675 |
| 005 |
20231102000217.0 |
| 035 |
|
|
|a (RuTPU)RU\TPU\book\314187
|
| 090 |
|
|
|a 289675
|
| 100 |
|
|
|a 20150402d1963 k y0rusy50 ca
|
| 101 |
0 |
|
|a rus
|
| 102 |
|
|
|a RU
|
| 105 |
|
|
|a a z 001zy
|
| 200 |
1 |
|
|a Молекулярные механизмы биологического действия радиации высоких энергий
|e доложено на двадцать третьем ежегодном Баховском чтении 17 марта 1967 г.
|f А. М. Кузин
|g Академия наук СССР (АН СССР), Институт биохимии им. А. Н. Баха (ИНБИ)
|
| 210 |
|
|
|a Москва
|c Наука
|d 1968
|
| 215 |
|
|
|a 31 с.
|c ил.
|
| 320 |
|
|
|a Библиогр.: с. 30-31.
|
| 606 |
1 |
|
|a Молекулярная биология
|2 stltpush
|3 (RuTPU)RU\TPU\subj\70459
|9 84719
|
| 610 |
1 |
|
|a высокие энергии
|
| 610 |
1 |
|
|a радиация
|
| 610 |
1 |
|
|a молекулярные механизмы
|
| 610 |
1 |
|
|a биологическое действие
|
| 610 |
1 |
|
|a метаболические процессы
|
| 675 |
|
|
|a 577.2
|v 3
|
| 700 |
|
1 |
|a Кузин
|b А. М.
|g Александр Мтхайлович
|
| 712 |
0 |
2 |
|a Академия наук СССР (АН СССР)
|b Институт биохимии им. А. Н. Баха (ИНБИ)
|c (Москва)
|2 stltpush
|3 (RuTPU)RU\TPU\col\11920
|
| 712 |
1 |
2 |
|a Баховские чтения
|d 23
|
| 801 |
|
1 |
|a RU
|b 63413507
|c 20150402
|
| 801 |
|
2 |
|a RU
|b 63413507
|c 20150410
|g RCR
|
| 942 |
|
|
|c BK
|